| 000 | 00000nam##2200000za#4500 |
| 001 | 9.611305 |
| 003 | CaOODSP |
| 005 | 20220111083411 |
| 007 | ta |
| 008 | 150406|1994||||xxc||||| f|0| 0 eng|d |
| 020 | |a0-662-22392-6 |
| 022 | |a1713-0638 |
| 040 | |aCaOODSP|beng |
| 043 | |an-cn--- |
| 086 | 1 |aNE22-1/1994-2-1E |
| 110 | 1 |aCanada. |bNational Energy Board. |
| 245 | 10|aIn the matter of: review of the applications for gas export licences from: Brooklyn Navy Yard Cogeneration Partners, L.P.; Husky Oil Operations Ltd.; ProGas Limited; Shell Canada Limited; Western Gas Marketing Limited : |ban application dated 7 March 1994 from Rocky Mountain Ecosystem Coalition for a review of the GH-5-93 decision made by the National Energy Board in February 1994 |
| 260 | |aCalgary - Alberta : |bNational Energy Board |cJune, 1994. |
| 300 | |avi, 51p. : |breferences ; |c28 cm. |
| 490 | 1 |aReasons for decision|x1713-0638 |
| 563 | |aSoftcover |
| 690 | 07|aPetroleum industry|2gcpds |
| 775 | 08|tMotifs de décision: relativement à la révision des demandes de licences d'exportation de gaz de Brooklyn Navy Yard Cogeneration Partners L.P.; Husky Oil Operations Ltd.; ProGas Limited; Shell Canada Limitée; Western Gas Marketing Limited : |w(CaOODSP)9.622747 |
| 776 | 0#|tReasons for decision in the matter of review of the applications for gas export licences from Brooklyn Navy Yard Cogeneration Partners, L.P., Husky Oil Operations Ltd., ProGas Limited, Shell Canada, Western Gas Marketing Limited : |w(CaOODSP)9.572450 |
| 830 | #0|aReasons for decision (Canada. National Energy Board)|x1713-0638|w(CaOODSP)9.514808 |
| 986 | |aGH-5-93 Review |